Statystyki dla Skład Atletico Madryt w La Liga 2023/24

Kliknij tutaj aby rozwiązać quiz!

Ogólne statystyki

  • Ten quiz został rozwiązany 87 razy
  • Średni wynik to 14 z 22

Statystyki odpowiedzi

NumerZawodnik% Poprawnych
7Antoine Griezmann
97%
13Jan Oblak
97%
19Alvaro Morata
85%
6Koke
85%
2Jose Maria Gimenez
81%
8Saul Niguez
81%
15Stefan Savić
81%
9Memphis Depay
72%
22Mario Hermoso
69%
14Marcos Llorente
67%
5Rodrigo de Paul
67%
10Angel Correa
65%
16Nahuel Molina
61%
20Axel Witsel
57%
11Thomas Lemar
53%
1Ivo Grbić
50%
24Pablo Barrios
46%
23Reinildo Mandava
43%
3Cesar Azpilicueta
36%
4Caglar Soyuncu
35%
21Yannick Carrasco
35%
18Javier Galan
32%

Rozkład punktacji

Percentyl według liczby udzielonych odpowiedzi

Procent ludzi z każdym wynikiem

Twoja historia wyników

Nie rozwiązałeś tego quizu